Qúa trình và kết quả xét chọn tặng thưởng công trình, tác phẩm lý luận, phê bình văn học, nghệ thuật /

Đã lưu trong:
書目詳細資料
主要作者: Đinh Xuân Dũng.
格式: Bài viết
語言:Vietnamese
主題:
標簽: 添加標簽
沒有標簽, 成為第一個標記此記錄!
Thư viện lưu trữ: Thư viện Trường Đại học Đà Lạt
LEADER 00875nam a2200253 4500
001 DLU170182376
005 ##20171207
040 # # |a DLU  |b vie 
041 # # |a vie 
044 # # |a vn 
100 # # |a Đinh Xuân Dũng. 
245 # # |a Qúa trình và kết quả xét chọn tặng thưởng công trình, tác phẩm lý luận, phê bình văn học, nghệ thuật /  |c Đinh Xuân Dũng. 
653 # # |a Đinh Xuân Dũng 
653 # # |a Phê bình văn học, nghệ thuật 
653 # # |a Tặng giải thưởng văn học 
773 # # |t Tạp chí Lý luận, phê bình văn học, nghệ thuật  |g Số 8, 2013, tr. 6-8 
920 # # |a Phòng Tạp chí --Trung tâm Thông tin - Thư viện Trường Đại học Đà Lạt 
900 # # |a True 
911 # # |a Lê Thị Hồng 
925 # # |a G 
926 # # |a A 
927 # # |a BB 
980 # # |a Thư viện Trường Đại học Đà Lạt